Name the Bollywood Movie Character - Statistics

General Stats
  • This quiz has been taken 65 times
  • The average score is 3 of 24
Answer Stats
Hint Answer % Correct
Harshaali Malhotra's nickname given by Salman Khan in Bajrangi Bhaijan Munni
81%
Kareena Kapoor Khan's charcter from Bajrangi Bhaijan Rasika
27%
Harshaali Malhotra's original character name from Bajrangi Bhaijan Shahida
25%
NameSidharth Malhotra's character name in Shershaah Captain Vickram Batra
19%
Salman Khan's character name from Bajrangi Bhaijan Pawan Kumar Chaturvedi
19%
Name Kiara Advani's character name in Shershaah Dimple Cheema
17%
Name Varun Dhawan's character in Badrinath Ki Dulhunia Badrinath Bansal
15%
Name Ziara Wasim's chaarcter name in Secret Superstar Insia
12%
Name Kiara Advani's character in Good Newzz Monika Batra
8%
Name Akshay Kumar's character in Good Newzz Varun Batra
8%
Name Ranveer Singh's character in Band Baja Baarat Bitoo Sharma
6%
Anushka Sharma's character name from Badmash Company Bulbul Singh
6%
Name Diljit Dosanj's character in Good Newzz Honey Batra
6%
Name Anushka Sharma"s character in Band Baja Baarat Shruti Kakar
6%
Name Kareena Kapoor Khan's character in Good Newzz Deeptie Batra
4%
Name Anushka Sharma's con character name in Ladies Vs Rick Bahl Ishika Patel
4%
Name Ranveer Singh used to con Dimple with in Ladies Vs Rick Bahl Sunny Singh
4%
Name Alia Bhat's character in Badrinath Ki Dulhunia Vedehi Trivedi
4%
Kajol's character name from Faana Zooni Ali Beg
4%
Name Amir Khan's fake name in Faana Captain Ranjeev
2%
Name Ranveer Singh used to con Raina with in Ladies Vs Rick Bahl Deven Shah
2%
Name Anushka Sharma's original character name in Ladies Vs Rick Bahl Ishika Desai
2%
Amir Khan's character name from Faana Rehan Qadri
2%
Name Ranveer Singh used to con Sairawith in Ladies Vs Rick Bahl Iqbal Khan
0%
No matching quizzes found
Score Distribution
Percent of People with Each Score
Percentile by Number Answered
Your Score History
You have not taken this quiz